|
|
|
|
| LEADER |
00000cam a2200000 7i4500 |
| 001 |
0000000641 |
| 005 |
20000914.0 |
| 020 |
0 |
0 |
|a 0195825519
|
| 090 |
0 |
0 |
|a 338.456349
|b RAJ 1986
|
| 100 |
0 |
0 |
|a RAJ Kumar
|c 1947-
|
| 245 |
1 |
4 |
|a The forest resources of Malaysia :
|b Their economics and development
|c Raj Kumar
|
| 260 |
0 |
0 |
|a Singapore :
|b Oxford University Press ,
|c 1986
|
| 300 |
|
|
|a xvii, 268 p. :
|b ill. ;
|c 22 cm.
|
| 440 |
0 |
0 |
|a Natural resources of South-East Asia
|
| 500 |
0 |
0 |
|a Bibliogaphy: [p. 246-260] and index
|
| 650 |
0 |
0 |
|a Forest products industry
|z Malaysia
|
| 650 |
0 |
0 |
|a Forests and forestry
|x Economic aspects
|z Malaysia
|
| 999 |
|
|
|a 0000001703
|b Monograph
|c Open Shelf
|e Default branch
|